| 000 | 00428nam a2200181Ia 4500 | ||
|---|---|---|---|
| 008 | 230524s9999 xx 000 0 und d | ||
| 020 | _a8176353973 | ||
| 082 |
_a4.3 _bWRI |
||
| 100 | _aRichard S.Wright | ||
| 245 | 0 | _aOpen GL Super Bible | |
| 250 | _a2ND | ||
| 260 |
_aNEW DELHI _bTechmedia _c2006 |
||
| 300 | _aXIX;665 | ||
| 500 | _aQuantity Number: 10 | ||
| 650 | _aComp-Sc | ||
| 700 | _a Michael Sweet | ||
| 942 | _cBK | ||
| 999 |
_c38029 _d38029 |
||